|
|
|
|
| LEADER |
01310nam a22003134a 4500 |
| 001 |
27782 |
| 003 |
BD-DhAAL |
| 005 |
20151008020002.0 |
| 008 |
131125t20082003caua b 001 0 eng |
| 010 |
|
|
|a 2002151118
|
| 020 |
|
|
|a 9788131700501
|
| 020 |
|
|
|a 0805386629
|
| 040 |
|
|
|a DLC
|c DLC
|d DLC
|d BD-DhAAL
|
| 050 |
0 |
0 |
|a QC173.6
|b .H38 2003
|
| 082 |
0 |
0 |
|a 530.11
|2 21
|
| 999 |
|
|
|c 14106
|d 14106
|
| 999 |
|
|
|c 14106 | 14106 | 14106
|
| 999 |
|
|
|c 14106
|
| 999 |
|
|
|c 14106
|
| 100 |
1 |
|
|a Hartle, J. B.
|q (James B.)
|9 3584
|
| 245 |
1 |
0 |
|a Gravity :
|b an introduction to Einstein's general relativity /
|c James B. Hartle.
|
| 260 |
|
|
|a San Francisco ;
|a New Delhi :
|b Addison-Wesley ;
|b Pearson,
|c c2003.[Second impression 2008]
|
| 300 |
|
|
|a 600 p. :
|b ill. ;
|c 25 cm.
|
| 504 |
|
|
|a Includes bibliographical references (p. 563-567) and index.
|
| 541 |
|
|
|e 27782, 27783
|
| 650 |
|
0 |
|a General relativity (Physics)
|9 3179
|
| 942 |
|
|
|2 ddc
|c BK
|0 1
|
| 952 |
|
|
|0 0
|1 0
|2 ddc
|4 0
|6 530_110000000000000_HAR
|7 0
|9 23734
|a BRACUL
|b BRACUL
|c GEN
|d 2013-11-25
|e Trim Education
|g 1140.00
|l 6
|m 69
|o 530.11 HAR
|p 3010027782
|r 2024-04-04
|s 2024-03-05
|t 1
|w 2013-11-25
|y BK
|
| 952 |
|
|
|0 0
|1 0
|2 ddc
|4 0
|6 530_110000000000000_HAR
|7 0
|9 23741
|a BRACUL
|b BRACUL
|c GEN
|d 2013-12-06
|e Trim Education
|g 1140.00
|l 2
|m 6
|o 530.11 HAR
|p 3010027783
|r 2025-11-26
|s 2025-11-26
|t 2
|w 2013-12-06
|y BK
|